| 000 | 00686nam a2200253 a 4500 | ||
|---|---|---|---|
| 001 | 77210 | ||
| 003 | BD-RjUL | ||
| 005 | 20211209082938.0 | ||
| 008 | 200303s1968 enka 000 0 eng | ||
| 020 | _a0090900901 | ||
| 035 | _a(BD-RjUL)77435 | ||
| 040 |
_aDLC _cDLC _dDLC _dBD-RjUL _beng |
||
| 041 | _aeng | ||
| 082 | 0 | 0 |
_223 _a747 _bHID 1968 |
| 100 | 1 |
_aHicks, David, _d1929-1998. _9240271 |
|
| 245 | 1 | 0 |
_aDavid Hicks on living--with taste / _cDavid Hicks |
| 260 |
_aLondon : _bFrewin, _c1968. |
||
| 300 |
_a150 p.: _billus.; _c32 cm. |
||
| 650 | 0 |
_aInterior decoration. _9240272 |
|
| 942 |
_2ddc _cBK |
||
| 999 |
_c77210 _d77210 |
||